[Event "Tradewise Gibraltar 2014 - Masters"]
[Site "Gibraltar ENG"]
[Date "2014.02.05"]
[Round "9.9"]
[White "Anton Guijarro, David"]
[Black "Cheparinov, Ivan"]
[Result "0-1"]
[PlyCount "136"]
[EventDate "2014.01.28"]
[EventRounds "10"]
[EventCountry "ENG"]
[Source "lmi"]
[SourceDate "2014.01.28"]
[WhiteElo "2557"]
[BlackElo "2672"]

1. e4 c5 2. Nf3 d6 3. d4 cxd4 4. Nxd4 Nf6 5. Nc3 a6 6. Bg5 Nbd7 7. a4 g6 8. a5
Bg7 9. Be2 Nc5 10. Bf3 O-O 11. O-O h6 12. Be3 e6 13. Nb3 Nxb3 14. cxb3 g5 15.
Na4 Bd7 16. Bb6 Qb8 17. Rc1 Bc6 18. e5 dxe5 19. Bxc6 bxc6 20. Rxc6 e4 21. Nc3
Rc8 22. Rc4 Qb7 23. Qe2 Nd7 24. Nxe4 Rxc4 25. Nd6 Re4 26. Qf3 Qc6 27. Nxe4 Rc8
28. Rd1 Nxb6 29. axb6 Qxb6 30. Nd6 Rf8 31. Nc4 Qc7 32. Ra1 Rd8 33. g3 Qa7 34.
Kg2 Rd5 35. Qe4 h5 36. Qe2 Qb7 37. Qe4 Qa7 38. h3 Bd4 39. Rd1 Qc5 40. Rd2 Kg7
41. Rc2 Qb5 42. Rd2 Qc5 43. Rc2 Qe7 44. Rd2 Qf6 45. Rc2 Ba7 46. Re2 h4 47. g4
Bb8 48. Qf3 Qxf3+ 49. Kxf3 Bf4 50. Kg2 Rb5 51. Nd2 Kf8 52. Ne4 a5 53. Nd2 Rb4
54. Kf1 Ke7 55. Kg2 a4 56. Nf3 axb3 57. Ne5 Kd6 58. Nd3 Rd4 59. Nxf4 gxf4 60.
Kf3 e5 61. g5 Ke6 62. Re4 Rd2 63. Rb4 Kf5 64. Rb5 Rxb2 65. Kg2 Rb1 66. Kf3 b2
67. Kg2 Kg6 68. Kf3 e4+ 0-1

[Event "Tradewise Gibraltar 2014 - Masters"]
[Site "Gibraltar ENG"]
[Date "2014.02.05"]
[Round "9.10"]
[White "Edouard, Romain"]
[Black "Javakhishvili, Lela"]
[Result "1/2-1/2"]
[PlyCount "83"]
[EventDate "2014.01.28"]
[EventRounds "10"]
[EventCountry "ENG"]
[Source "lmi"]
[SourceDate "2014.01.28"]
[WhiteElo "2658"]
[BlackElo "2430"]

1. e4 c5 2. Nf3 e6 3. d4 cxd4 4. Nxd4 Nc6 5. Nc3 Qc7 6. Be3 a6 7. Qd2 Nf6 8. f4
Bb4 9. Bd3 Na5 10. a3 Bxc3 11. Qxc3 Qxc3+ 12. bxc3 d5 13. e5 Ne4 14. Nb3 Nc4
15. Bxc4 dxc4 16. Na5 b5 17. Bd4 f5 18. exf6 gxf6 19. O-O Rf8 20. Rae1 f5 21.
Rf3 Rf7 22. Rh3 Bb7 23. Nxb7 Rxb7 24. Rh6 Re7 25. g4 Kd7 26. Re3 Rg8 27. g5 Kc8
28. Reh3 e5 29. Bxe5 Nxg5 30. fxg5 Rxe5 31. Rxh7 f4 32. Kf2 Rexg5 33. Kf3 Rg2
34. Ra7 Kb8 35. Rxa6 Rxc2 36. Kxf4 Rf8+ 37. Ke4 Re2+ 38. Kd4 Rf4+ 39. Kc5 Rf5+
40. Kd4 Rf4+ 41. Kc5 Rf5+ 42. Kd4 1/2-1/2

[Event "Tradewise Gibraltar 2014 - Masters"]
[Site "Gibraltar ENG"]
[Date "2014.02.05"]
[Round "9.12"]
[White "Dubov, Daniil"]
[Black "Hoang, Thanh Trang"]
[Result "1/2-1/2"]
[PlyCount "112"]
[EventDate "2014.01.28"]
[EventRounds "10"]
[EventCountry "ENG"]
[Source "lmi"]
[SourceDate "2014.01.28"]
[WhiteElo "2614"]
[BlackElo "2511"]

1. d4 f5 2. Nf3 Nf6 3. g3 g6 4. Bg2 Bg7 5. O-O O-O 6. c4 d6 7. Nc3 c6 8. b3 Na6
9. Bb2 Qe8 10. d5 Bd7 11. Rc1 h6 12. Re1 Qf7 13. Nd4 Rac8 14. e3 Ne4 15. Qe2
Nac5 16. dxc6 bxc6 17. Qc2 Nxc3 18. Bxc3 Ne4 19. Bb2 c5 20. Ne2 Bc6 21. Bxg7
Kxg7 22. f3 Nf6 23. Nc3 e6 24. Rcd1 Rcd8 25. Rd3 Rd7 26. Red1 Rfd8 27. a3 d5
28. cxd5 exd5 29. b4 Qe7 30. bxc5 Qxc5 31. Qd2 Qxa3 32. Ne2 Qa6 33. Nd4 Bb5 34.
Rc3 Bc4 35. h3 Rb8 36. g4 fxg4 37. hxg4 Rdb7 38. e4 dxe4 39. fxe4 Rb1 40. Rcc1
Qa1 41. g5 hxg5 42. Qxg5 Rxc1 43. Qxc1 Qxc1 44. Rxc1 Bd3 45. e5 Ng4 46. Nc6 Rb1
47. Rxb1 Bxb1 48. Bf3 Bf5 49. Bxg4 Bxg4 50. Nxa7 Kf7 51. Nc6 Ke6 52. Kf2 g5 53.
Nd8+ Kxe5 54. Nf7+ Kf4 55. Kg1 Be6 56. Nxg5 Kxg5 1/2-1/2

[Event "Tradewise Gibraltar 2014 - Masters"]
[Site "Gibraltar ENG"]
[Date "2014.02.05"]
[Round "9.15"]
[White "Lenderman, Aleksandr"]
[Black "Tomashevsky, Evgeny"]
[Result "1/2-1/2"]
[PlyCount "92"]
[EventDate "2014.01.28"]
[EventRounds "10"]
[EventCountry "ENG"]
[Source "lmi"]
[SourceDate "2014.01.28"]
[WhiteElo "2562"]
[BlackElo "2715"]

1. d4 Nf6 2. c4 e6 3. Nc3 Bb4 4. e3 O-O 5. Bd3 d5 6. Nf3 c5 7. O-O dxc4 8. Bxc4
Nc6 9. a3 Ba5 10. Qd3 Bb6 11. dxc5 Qxd3 12. Bxd3 Bxc5 13. b4 Be7 14. Bb2 Rd8
15. Rfd1 b6 16. Kf1 Bb7 17. Ke2 Rac8 18. Rac1 h6 19. h3 Kf8 20. g4 g6 21. Nb1
Nd5 22. Nbd2 Bf6 23. Bxf6 Nxf6 24. e4 g5 25. Ke3 Ke7 26. Nc4 Rd7 27. Rd2 Nb8
28. a4 Rdd8 29. Nd4 Nc6 30. Nxc6+ Rxc6 31. Rdc2 Rdc8 32. f4 gxf4+ 33. Kxf4 R6c7
34. a5 Nd7 35. axb6 axb6 36. e5 Rd8 37. h4 f6 38. exf6+ Nxf6 39. Ne5 Rxc2 40.
Rxc2 Nd5+ 41. Kg3 Nxb4 42. Rc7+ Kd6 43. Rxb7 Kxe5 44. Bh7 Nd5 45. g5 hxg5 46.
hxg5 Ra8 1/2-1/2

[Event "Tradewise Gibraltar 2014 - Masters"]
[Site "Gibraltar ENG"]
[Date "2014.02.06"]
[Round "10.2"]
[White "Vitiugov, Nikita"]
[Black "Zhao, Xue"]
[Result "1-0"]
[WhiteElo "2737"]
[PlyCount "75"]
[EventDate "2014.01.28"]
[EventRounds "10"]
[EventCountry "ENG"]
[Source "lmi"]
[SourceDate "2014.01.28"]
[BlackElo "2567"]

1. c4 Nf6 2. Nc3 c5 3. Nf3 d5 4. cxd5 Nxd5 5. g3 Nc6 6. Bg2 e6 7. O-O Be7 8.
Nxd5 exd5 9. d4 O-O 10. dxc5 Bxc5 11. Bg5 f6 12. Bd2 Be6 13. a3 Bb6 14. b4 Ne5
15. a4 a6 16. Rb1 Qd7 17. a5 Ba7 18. b5 Rac8 19. Bb4 Nxf3+ 20. Bxf3 Bc5 21.
bxa6 bxa6 22. Qd3 Bxb4 23. Rxb4 Rc6 24. Rb6 Ra8 25. Rfb1 Rac8 26. h4 Rc3 27.
Qxa6 Bg4 28. Bg2 d4 29. Rb8 Qe8 30. Qd6 h5 31. a6 Qa4 32. Bb7 Kh7 33. Bxc8 Bxc8
34. Qd5 Kg6 35. R8b5 Bg4 36. Rb7 Qe8 37. a7 Bf5 38. Rxg7+ 1-0

[Event "Tradewise Gibraltar 2014 - Masters"]
[Site "Gibraltar ENG"]
[Date "2014.02.06"]
[Round "10.6"]
[White "Rapport, Richard"]
[Black "Salgado Lopez, Ivan"]
[Result "1/2-1/2"]
[PlyCount "104"]
[EventDate "2014.01.28"]
[EventRounds "10"]
[EventCountry "ENG"]
[Source "lmi"]
[SourceDate "2014.01.28"]
[WhiteElo "2691"]
[BlackElo "2597"]

1. b3 Nf6 2. Bb2 g6 3. Bxf6 exf6 4. c4 d5 5. cxd5 Qxd5 6. Nc3 Qd8 7. g3 Bg7 8.
Bg2 f5 9. e3 Bxc3 10. dxc3 Qxd1+ 11. Rxd1 c6 12. h4 Nd7 13. h5 Nf6 14. hxg6
fxg6 15. Rh4 Ke7 16. Nf3 Be6 17. Ne5 Bd5 18. f3 Rhd8 19. c4 Be6 20. Rxd8 Rxd8
21. f4 Kd6 22. Kd2 Kc7+ 23. Kc2 c5 24. Bf3 Rd6 25. Kc3 b6 26. Rh6 Bc8 27. Kc2
Bb7 28. Be2 Be4+ 29. Kc1 Re6 30. g4 Re7 31. gxf5 Bxf5 32. Bf3 Nd7 33. Nxd7 Kxd7
34. Kd2 Ke8 35. Bd5 Kf8 36. Rh1 h5 37. Rg1 Re8 38. Rg3 b5 39. Rg1 bxc4 40. bxc4
a5 41. a3 a4 42. Bc6 Rd8+ 43. Ke2 Rd6 44. Bd5 Rb6 45. Rg5 Kg7 46. Kf3 Bg4+ 47.
Kf2 Rb2+ 48. Kg1 Rb1+ 49. Kf2 Rb2+ 50. Kg1 Rb1+ 51. Kg2 Rb2+ 52. Kg1 Rb1+
1/2-1/2

[Event "Tradewise Gibraltar 2014 - Masters"]
[Site "Gibraltar ENG"]
[Date "2014.02.06"]
[Round "10.7"]
[White "Adhiban, Baskaran"]
[Black "Short, Nigel D"]
[Result "1-0"]
[PlyCount "55"]
[EventDate "2014.01.28"]
[EventRounds "10"]
[EventCountry "ENG"]
[Source "lmi"]
[SourceDate "2014.01.28"]
[WhiteElo "2590"]
[BlackElo "2683"]

1. e4 c6 2. d4 d5 3. e5 Bf5 4. Nf3 e6 5. Be2 Nd7 6. O-O a6 7. Nbd2 c5 8. c4 Ne7
9. dxc5 Nxc5 10. Nb3 Nc6 11. Be3 Nxb3 12. Qxb3 d4 13. Rfd1 Bc5 14. Nxd4 Nxd4
15. Bxd4 Bxd4 16. Qa4+ Kf8 17. Qb4+ Kg8 18. c5 Bxf2+ 19. Kxf2 Qc7 20. Qb6 Qe7
21. Bf3 h5 22. Bxb7 Rb8 23. c6 Kh7 24. c7 Rxb7 25. Qxb7 Qc5+ 26. Kf1 h4 27. Rd8
Kg6 28. c8=Q 1-0

[Event "Tradewise Gibraltar 2014 - Masters"]
[Site "Gibraltar ENG"]
[Date "2014.02.06"]
[Round "10.8"]
[White "Rodshtein, Maxim"]
[Black "Mareco, Sandro"]
[Result "1-0"]
[PlyCount "77"]
[EventDate "2014.01.28"]
[EventRounds "10"]
[EventCountry "ENG"]
[Source "lmi"]
[SourceDate "2014.01.28"]
[WhiteElo "2682"]
[BlackElo "2582"]

1. e4 c5 2. Nf3 d6 3. d4 cxd4 4. Nxd4 Nf6 5. Nc3 a6 6. Be2 e5 7. Nb3 Be7 8. O-O
O-O 9. Be3 Be6 10. Qd3 Nbd7 11. Nd5 Bxd5 12. exd5 Nc5 13. Nxc5 dxc5 14. c4 Bd6
15. Bg5 h6 16. Bd2 Re8 17. Bc3 Qd7 18. Qe3 b5 19. b3 Rab8 20. h3 Qf5 21. Rae1
b4 22. Bb2 e4 23. g4 Qg6 24. f4 exf3 25. Qxf3 Qg5 26. Bd3 Rxe1 27. Rxe1 Re8 28.
Rxe8+ Nxe8 29. Kf1 Nf6 30. Ke2 Nd7 31. Qf5 Qe7+ 32. Qe4 g6 33. Bc1 Qh4 34. Qe8+
Nf8 35. Qe3 h5 36. g5 Nd7 37. Bxg6 Be5 38. Bf5 Bd4 39. Qf4 1-0

[Event "Tradewise Gibraltar 2014 - Masters"]
[Site "Gibraltar ENG"]
[Date "2014.02.06"]
[Round "10.9"]
[White "Javakhishvili, Lela"]
[Black "Li, Chao B"]
[Result "0-1"]
[PlyCount "74"]
[EventDate "2014.01.28"]
[EventRounds "10"]
[EventCountry "ENG"]
[Source "lmi"]
[SourceDate "2014.01.28"]
[WhiteElo "2430"]
[BlackElo "2680"]

1. d4 Nf6 2. c4 g6 3. Nc3 d5 4. cxd5 Nxd5 5. e4 Nxc3 6. bxc3 Bg7 7. Qa4+ Qd7 8.
Qxd7+ Bxd7 9. Rb1 c5 10. Nf3 b6 11. Be3 O-O 12. Bb5 Rc8 13. a4 a6 14. Bxd7 Nxd7
15. Nd2 b5 16. axb5 axb5 17. Nb3 c4 18. Nc1 Rcb8 19. O-O e6 20. Rb2 e5 21. Ne2
exd4 22. Nxd4 Nc5 23. f3 Rb7 24. h4 Nd3 25. Rbb1 b4 26. cxb4 Rd7 27. Nc6 c3 28.
Rb3 c2 29. b5 Nc5 30. Bxc5 Rd1 31. Be3 Raa1 32. Kh2 Rxf1 33. b6 Rab1 34. Ra3 h5
35. Ra7 c1=Q 36. Bxc1 Rfxc1 37. b7 Rxc6 0-1

[Event "Tradewise Gibraltar 2014 - Masters"]
[Site "Gibraltar ENG"]
[Date "2014.02.06"]
[Round "10.11"]
[White "Muzychuk, Mariya"]
[Black "Agdestein, Simen"]
[Result "1/2-1/2"]
[PlyCount "81"]
[EventDate "2014.01.28"]
[EventRounds "10"]
[EventCountry "ENG"]
[Source "lmi"]
[SourceDate "2014.01.28"]
[WhiteElo "2503"]
[BlackElo "2627"]

1. e4 e6 2. d4 d5 3. Nc3 Nf6 4. Bg5 Bb4 5. e5 h6 6. Be3 Ne4 7. a3 Bxc3+ 8. bxc3
Nxc3 9. Qg4 g6 10. Bd3 b6 11. Nf3 Ba6 12. O-O Qd7 13. Rfe1 Bxd3 14. cxd3 Qb5
15. Bd2 Na4 16. Rac1 Na6 17. Qh4 g5 18. Nxg5 Qxd3 19. Bb4 Nxb4 20. Rxc7 Na6 21.
Rxf7 Qg6 22. Qh3 N6c5 23. dxc5 Nxc5 24. f4 O-O-O 25. Rf6 hxg5 26. Qxh8 Qd3 27.
Qh3 Qxh3 28. gxh3 gxf4 29. Rd1 Rg8+ 30. Kf1 Rg5 31. Rxf4 Kb7 32. h4 Rxe5 33.
Kf2 Rh5 34. Kf3 Kc6 35. Kg4 Rh8 36. h5 Nd7 37. Rdf1 e5 38. Rf7 e4 39. Kg5 Rg8+
40. Kf4 Rh8 41. Rf5 1/2-1/2

[Event "Tradewise Gibraltar 2014 - Masters"]
[Site "Gibraltar ENG"]
[Date "2014.02.06"]
[Round "10.12"]
[White "Tomashevsky, Evgeny"]
[Black "Anton Guijarro, David"]
[Result "1-0"]
[PlyCount "129"]
[EventDate "2014.01.28"]
[EventRounds "10"]
[EventCountry "ENG"]
[Source "lmi"]
[SourceDate "2014.01.28"]
[WhiteElo "2715"]
[BlackElo "2557"]

1. d4 f5 2. g3 Nf6 3. Bg2 g6 4. c4 Bg7 5. Nf3 O-O 6. O-O d6 7. Nc3 c6 8. b4 e5
9. dxe5 dxe5 10. e4 Qe7 11. c5 Na6 12. Rb1 Be6 13. Qe2 Nc7 14. Re1 Nxe4 15.
Nxe4 fxe4 16. Ng5 Nb5 17. Nxe6 Qxe6 18. Rb2 e3 19. Qxe3 e4 20. Rc2 Rae8 21. Bb2
Bxb2 22. Rxb2 Qf6 23. Rd2 Nc3 24. Rd6 Qg7 25. Qd2 Nb5 26. Rd7 Qc3 27. Qxc3 Nxc3
28. Rxb7 Rf7 29. Rxf7 Kxf7 30. a3 a5 31. bxa5 Ra8 32. Re3 Nd5 33. Rb3 Nf6 34.
Rb6 Rxa5 35. Rxc6 Rxa3 36. Bh3 Ra1+ 37. Kg2 Rc1 38. Rc7+ Ke8 39. Rc6 Kf7 40.
Rc7+ Ke8 41. Be6 Kd8 42. Rc6 Ke7 43. Ba2 e3 44. Re6+ Kd7 45. Rxe3 Rxc5 46. h4
Rc2 47. Be6+ Kd8 48. g4 Rd2 49. g5 Nd5 50. Rf3 Ke7 51. Bg8 Rd4 52. Kg3 Ke8 53.
Bxh7 Ne7 54. Rf6 Nf5+ 55. Kf3 Nxh4+ 56. Ke3 Rg4 57. Bxg6+ Ke7 58. f4 Rg3+ 59.
Kf2 Rg2+ 60. Ke3 Rg3+ 61. Kf2 Rg2+ 62. Kf1 Rb2 63. Be4 Rb4 64. Kf2 Rxe4 65. Kg3
1-0

[Event "Tradewise Gibraltar 2014 - Masters"]
[Site "Gibraltar ENG"]
[Date "2014.02.06"]
[Round "10.13"]
[White "Cramling, Pia"]
[Black "Navara, David"]
[Result "0-1"]
[PlyCount "86"]
[EventDate "2014.01.28"]
[EventRounds "10"]
[EventCountry "ENG"]
[Source "lmi"]
[SourceDate "2014.01.28"]
[WhiteElo "2525"]
[BlackElo "2702"]

1. Nf3 Nf6 2. c4 g6 3. Nc3 Bg7 4. e4 d6 5. d4 O-O 6. h3 e5 7. d5 Nh5 8. Nh2 Qe8
9. Be2 Nf4 10. Bf3 f5 11. g3 Nxh3 12. Bg2 fxe4 13. Be3 Na6 14. Nxe4 Nf4 15. Bf3
Bf5 16. Qd2 b6 17. O-O-O Qa4 18. b3 Qa3+ 19. Qb2 Ne2+ 20. Bxe2 Qxb2+ 21. Kxb2
Bxe4 22. Rhg1 Bh6 23. Bxh6 Rxf2 24. Ng4 Rxe2+ 25. Ka3 Bf5 26. Ne3 Nc5 27. g4
Be4 28. Nf1 a5 29. Rg3 Re8 30. Re3 Rf2 31. Rg3 Bf3 32. Ra1 Ne4 33. Rg1 b5 34.
cxb5 Nc3 35. Ne3 Nxb5+ 36. Ka4 Nc3+ 37. Kxa5 Rh2 38. Rgf1 Be2 39. Kb4 Nxd5+ 40.
Nxd5 Rb8+ 41. Kc3 Bxf1 42. Be3 Bg2 43. Nxc7 Be4 0-1

[Event "Tradewise Gibraltar 2014 - Masters"]
[Site "Gibraltar ENG"]
[Date "2014.02.06"]
[Round "10.14"]
[White "Hoang, Thanh Trang"]
[Black "Dvirnyy, Danyyil"]
[Result "1/2-1/2"]
[PlyCount "126"]
[EventDate "2014.01.28"]
[EventRounds "10"]
[EventCountry "ENG"]
[Source "lmi"]
[SourceDate "2014.01.28"]
[WhiteElo "2511"]
[BlackElo "2574"]

1. d4 Nf6 2. Bg5 d5 3. e3 Nbd7 4. Nf3 h6 5. Bh4 e6 6. Nbd2 Be7 7. Bd3 c5 8. c3
O-O 9. O-O b6 10. Ne5 Nxe5 11. dxe5 Nd7 12. Bxe7 Qxe7 13. f4 Bb7 14. Qh5 d4 15.
exd4 cxd4 16. cxd4 Qb4 17. Nb3 Bd5 18. Qe2 Bxb3 19. axb3 Qxd4+ 20. Kh1 Nc5 21.
Bc4 Qe4 22. b4 Qxe2 23. Bxe2 Nb3 24. Ra3 Nd4 25. Bd3 Rfd8 26. h3 Rac8 27. Rxa7
Nc6 28. Ra3 Nxb4 29. Bb1 g6 30. g4 Rd2 31. f5 Nc2 32. Rg3 exf5 33. gxf5 g5 34.
h4 Nd4 35. Bd3 f6 36. e6 Kf8 37. hxg5 hxg5 38. Re1 Ke7 39. Rh3 Kd6 40. Ba6 g4
41. Rh2 Rxh2+ 42. Kxh2 Rc2+ 43. Kg3 Nxf5+ 44. Kxg4 Ne7 45. b3 Rc5 46. Bc4 Rg5+
47. Kf3 b5 48. Bf1 Nc6 49. Bh3 Nd4+ 50. Kf4 Re5 51. Rd1 Rd5 52. Re1 Re5 53. Rd1
Rd5 54. Re1 Ke7 55. b4 Rd6 56. Ra1 Nxe6+ 57. Ke3 Nc7 58. Ra7 Kd8 59. Rb7 Rd5
60. Rb8+ Ke7 61. Rb7 Kd8 62. Rb8+ Ke7 63. Rb7 Kd8 1/2-1/2

[Event "Tradewise Gibraltar 2014 - Masters"]
[Site "Gibraltar ENG"]
[Date "2014.02.06"]
[Round "10.15"]
[White "Lenderman, Aleksandr"]
[Black "Zhukova, Natalia"]
[Result "0-1"]
[PlyCount "88"]
[EventDate "2014.01.28"]
[EventRounds "10"]
[EventCountry "ENG"]
[Source "lmi"]
[SourceDate "2014.01.28"]
[WhiteElo "2562"]
[BlackElo "2449"]

1. Nf3 d5 2. g3 c6 3. Bg2 Bg4 4. c4 e6 5. cxd5 Bxf3 6. Bxf3 cxd5 7. O-O Nc6 8.
d3 Nf6 9. Nc3 Be7 10. Bg2 O-O 11. Bd2 Qd7 12. a3 Rac8 13. Rb1 h6 14. b4 b6 15.
Re1 Rfd8 16. h3 d4 17. Na4 Nd5 18. Qb3 Bg5 19. Bxg5 hxg5 20. Rbc1 Ne5 21. b5
Qd6 22. Qb2 Ne7 23. Qa1 Qd7 24. Qb2 Qd6 25. Kf1 f5 26. Qb3 Rf8 27. Nb2 Rxc1 28.
Rxc1 f4 29. gxf4 N5g6 30. Bf3 Nh4 31. Nd1 Nxf3 32. exf3 Rxf4 33. Kg2 Rf6 34.
Kf1 Qf4 35. Rc4 Nd5 36. Ke1 Qe5+ 37. Kd2 Rxf3 38. Kc1 Nf4 39. Nb2 Rxf2 40. Kb1
Nd5 41. Rc8+ Kh7 42. Rc1 Nc3+ 43. Ka1 Qe3 44. Rh1 Qe2 0-1